Vliv prostředí na práci člověka /

Main Author: Štikar, Jiří, 1934-2023
Language: Czech
Published: Brno : Československá vědecko-technická společnost, 1966
Edition: 2. dopl. vyd.
Series: Zkušenosti a úkoly psychologie práce ve výrobě
Physical Description: s. 49-54
Book
Saved in:
LEADER 00772nam a22002052a 4500
001 000278029
003 CZ BrMZK
005 20021002112711.0
008 010907s1966 xr f cze d
040 |a BOA001  |b cze  |c BOA001 
100 1 |a Štikar, Jiří,  |d 1934-2023  |7 nlk19990074155  |4 aut 
245 1 0 |a Vliv prostředí na práci člověka /  |c Jiří Štikar 
250 |a 2. dopl. vyd. 
260 |a Brno :  |b Československá vědecko-technická společnost,  |c 1966 
300 |a s. 49-54 
490 1 |a Zkušenosti a úkoly psychologie práce ve výrobě 
500 |a Separát z: Sborník referátů a sdělení 2. celostání konference československých psychologů ... 
830 0 |a Zkušenosti a úkoly psychologie práce ve výrobě 
910 |a BOA001  |b X-0538.988-66 
990 |a BK